World Currency Match Quiz Stats

 Plays Quiz Updated Oct 29, 2018

Also try: World Currencies
Challenge
Share
Tweet
Embed
Score 0/25 Timer 04:00
17 Plays Today
% Correct
United Kingdom
92.6%
Mexico
87.7%
India
85.9%
Canada
84.8%
France
84.2%
Japan
81.7%
Russia
75.3%
China
66.3%
Norway
62.3%
Israel
59.8%
Switzerland
59.5%
Poland
58.9%
South Africa
56.9%
% Correct
Thailand
55.5%
Brazil
52.6%
Vietnam
52.2%
South Korea
49.3%
Zambia
43.3%
Malaysia
36.1%
Iraq
33.3%
Iran
30.9%
Albania
29%
Bangladesh
27.2%
Kyrgyzstan
20.6%
Kazakhstan
20%

You're not logged in!

Compare scores with friends on all Sporcle quizzes.
OR
Log In

You Might Also Like...

Show Comments

Extras

Top Quizzes Today


Score Distribution

Your Account Isn't Verified!

In order to create a playlist on Sporcle, you need to verify the email address you used during registration. Go to your Sporcle Settings to finish the process.

Report this User

Report this user for behavior that violates our Community Guidelines.

Details: